000 00584nam a2200181 4500
999 _c164767
_d164767
005 20190527131903.0
010 _aENG-125307
020 _a9789380624266
_c350.00
035 _aEN-108839
037 _bDBAD/PUB
082 _a620.00151
100 _aSangeetha, G.
245 _aEngineering Mathematics-II/
_cby G. Sangeetha
260 _aChennai
_bJaitech Publications
_c2011
270 _aNo. 49, Chellapillayar Koil Street, Royapettah,
_bChennai
_e600014
_k9444542032, 9841153440
300 _avi, various paging
_c22cm(pbk)
942 _2ddc
_cEN
_h620.00151
_mSAN